000 00599 a2200205 4500
001 61417
005 20260407155904.0
008 260407a1961 arg spa d
003 AR-UNSa-BCEJYS
040 _aAR-UNSa-BCEJYS
_bspa
_cAR-UNSa-BCEJYS
080 _a347
_xDerecho Civil
245 1 0 _aInstituciones de derecho privado
264 1 _aMéxico :
_bUnión Tipográfica Editorial Hispano-Americana (UTEHA)
_c1961
300 _a552 p.
_c25 cm.
041 _aspa
942 _cBK
590 _aniveau_biblio:m niveau_hierar:0
100 1 _aCandian, Aurelio
700 1 _aCaballero, Blanca P. L. de
999 _c7297
_d7297